000
00317nam a2200133Ia 4500
008
230704s9999 xx 000 0 und d
020
_a
9789374734711
100
_a
DAS, P.C.
245
0
_a
ENVIRONMENTAL BIOLOGY
260
_b
AITBS PUBLISHERS, INDIA
_c
2021
300
_a
231
650
_a
Environment
942
_c
BK
999
_c
215806
_d
215806